000 00745nam a22002057a 4500
999 _c175620
_d175620
005 20200910165936.0
010 _aENG-128411
020 _c879.00
_a9789353945251
035 _aEN-111943
037 _bDBAD/PUB
082 _a624.1762
100 _aChopra, Anil K.
245 _aDynamics of Structures:
_bTheory and Applications to Earthquake Engineering
_cby Anil K. Chopra
250 _a5th edition
260 _aNoida
_bPearson
_c2020
270 _a15th floor,Tower-B,Word Trade Tower,Plot no.1,Block-C sec 16,
_bNoida
_e201301
_k04466540100
_mcompanysecretary.india@pearson.com
300 _axxxi;960p.
_c23cm(pbk)
_bIllustrations and Graphs
500 _aIncludes Notation and Index
942 _2ddc
_cEN
_h624.1762
_mCHO